Mountain West Logo Quiz - Statistics

General Stats
  • This quiz has been taken 10 times
  • The average score is 11 of 12
Answer Stats
Picture Answer % Correct
Air Force
100%
Colorado State
100%
New Mexico
100%
San Diego State
100%
Utah State
100%
Wyoming
100%
Boise State
88%
Fresno State
88%
San Jose State
88%
Nevada
75%
UNLV
75%
Grand Canyon
50%
No matching quizzes found
Score Distribution
Percent of People with Each Score
Percentile by Number Answered
Your Score History
You have not taken this quiz